000 05238 a2200553 4500
005 2009050602462.0
008 090506t xxu||||| |||| 00| 0 eng d
010 _aENG-89206 B-312192-213
020 _a9788120334410
_c195.00
035 _aEN-72739
035 _a B-312192-213
035 _a B-3357598
037 _bDBAD / PUB
040 _adpl
_bEnglish
082 _a658
100 _aEllis, Carol W.
245 _aManagement skills for new managers/
_cby Carol W. Ellis
260 _aNew Delhi
_bPrentice Hall of India
_c2008
270 _aM-97, Connaught Circus
_bDelhi
_e110033
300 _ax,, 144p.
_c22 cm. ( Pbk)
500 _aIncludes index
942 _adpl
_cEN
_2ddc
_h658
_mELL
999 _c10257
_d10257